Statistics for Olympics participating nation that is not a country

Click here to take the quiz!

General Stats

  • This quiz has been taken 82 times
    (55 since last reset)
  • The average score is 19 of 36

Answer Stats

YearContinentRelated CountryAnswer% Correct
To dateAsiaIsraelPalestine
93%
To dateAsiaChinaHong Kong
91%
To dateNorth AmericaNetherlandsAruba
86%
2008North AmericaNetherlandsNetherlands Antilles
86%
To dateNorth AmericaUnited StatesPuerto Rico
77%
1988EuropeGermanyEast Germany
73%
1988EuropeRussiaSoviet Union
70%
1988EuropeSerbiaYugoslavia
70%
To dateNorth AmericaUnited KingdomBermuda
68%
To dateNorth AmericaUnited KingdomBritish Virgin Islands
68%
To dateOceaniaUnited StatesGuam
68%
To dateOceaniaUnites StatesAmerican Samoa
66%
1992EuropeCzech RepublicCzechoslovakia
66%
1988EuropeGermanyWest Germany
66%
To dateOceaniaNew ZealandCook Islands
61%
To dateNorth AmericaUnited StatesVirgin Islands
61%
2018AsiaSouth KoreaKorea
59%
1988AsiaYemenNorth Yemen
59%
1988AsiaYemenSouth Yemen
57%
To dateNorth AmericaUnited KingdomCayman Islands
55%
2004EuropeSerbiaSerbia and Montenegro
45%
1972AsiaTaiwanRepublic of China
43%
1992EuropeRussiaUnified Team
43%
1992EuropeSerbiaIndependent Olympic Participants
41%
2018EuropeRussiaOlympic Athletes from Russia
39%
1912EuropeRussiaRussian Empire
39%
1952EuropeGermanySaar
36%
1912EuropeCzech RepublicBohemia
25%
1960AsiaMalaysiaMalaya
25%
To dateOthersMultipleRefugee Olympic Team
25%
1912OceaniaAustraliaAustralasia
18%
1964EuropeGermanyUnited Team of Germany
18%
1960North AmericaTrinidad and TobagoBritish West Indies
16%
To dateOthersMultipleIndependent Olympic Athletes
16%
1956AsiaMalaysiaNorth Borneo
11%
1904OthersMultipleMixed Team
9%

Score Distribution

Percentile by Number Answered

Percent of People with Each Score

Your Score History

You have not taken this quiz since the last reset